[Event "Baku Open 2023"]
[Site "Baku AZE"]
[Date "2023.05.11"]
[Round "8.46"]
[White "Gomes, Mary Ann"]
[Black "Mahalakshmi, M"]
[Result "0-1"]
[WhiteTitle "WGM"]
[BlackTitle "WIM"]
[WhiteElo "2336"]
[BlackElo "2210"]
[WhiteFideId "5013623"]
[BlackFideId "5001080"]
[EventDate "2023.05.04"]

1. Nf3 Nf6 2. g3 e6 3. Bg2 d5 4. c4 Be7 5. b3 O-O 6. O-O d4 7. e3 c5 8. exd4
cxd4 9. d3 Nc6 10. Re1 Bc5 11. a3 a5 12. Bg5 h6 13. Bxf6 Qxf6 14. Nbd2 Qe7 15.
Qc1 Ra7 16. Re2 b6 17. Ne1 Bb7 18. Nc2 Qc7 19. Nf3 e5 20. Nh4 f5 21. Bd5+ Kh7
22. b4 Bd6 23. Nf3 Ne7 24. Bxb7 Rxb7 25. Nd2 Ng6 26. Qf1 Ra7 27. Rc1 axb4 28.
axb4 Qf7 29. Ree1 Ra2 30. Nf3 f4 31. Nd2 Bxb4 32. Nxb4 Rxd2 33. Re2 Rxe2 34.
Qxe2 f3 35. Qf1 Qe6 36. Nd5 Ne7 37. Nxe7 Qxe7 38. Re1 Ra8 39. Qh3 Qf6 40. Qg4
Ra3 41. Rd1 Ra2 42. h4 Re2 43. h5 e4 44. dxe4 d3 45. Qg6+ Qxg6 46. hxg6+ Kxg6
47. Rxd3 Rxe4 48. Rxf3 Rxc4 49. Rb3 Rc6 50. Rb5 Kf6 51. Kg2 Ke6 52. Kf3 Kd6 53.
Ke4 Kc7 54. Kd4 Kb7 55. Rb1 Rc2 56. f4 Rg2 57. Rb3 Ka6 58. Kc4 Rc2+ 59. Kb4 b5
60. Re3 Rc4+ 61. Kb3 Rd4 62. Kc3 Rc4+ 63. Kb3 Kb6 64. Re7 Rc7 65. Re5 Ka5 66.
Re8 Rd7 67. Re3 Rd5 68. g4 Rd4 69. Re7 g5 70. f5 Rxg4 71. Ra7+ Kb6 72. Rh7 Rh4
73. f6 Kc5 74. Kc3 Rh3+ 75. Kc2 Kd6 76. Rb7 Ke6 77. f7 Rf3 78. Rxb5 Kxf7 79. Kd2
Kg6 80. Ke2 g4 81. Ra5 h5 82. Rb5 h4 0-1

[Event "Baku Open 2023"]
[Site "Baku AZE"]
[Date "2023.05.12"]
[Round "9.1"]
[White "Muradli, Mahammad"]
[Black "Indjic, Aleksandar"]
[Result "0-1"]
[WhiteTitle "GM"]
[BlackTitle "GM"]
[WhiteElo "2531"]
[BlackElo "2618"]
[WhiteFideId "13409301"]
[BlackFideId "911925"]
[EventDate "2023.05.04"]

1. Nf3 e6 2. c4 d5 3. d4 c6 4. e3 Bd6 5. b3 f5 6. Be2 Nd7 7. O-O Qe7 8. Bb2 Nh6
9. Qc1 Nf7 10. Ba3 g5 11. Ne1 h5 12. Nd3 h4 13. f4 Nf6 14. Ne5 Rg8 15. Bd3 gxf4
16. exf4 Bxa3 17. Qxa3 Nd6 18. Nd2 Qg7 19. Rf2 Nde4 20. Bxe4 dxe4 21. Nf1 Qe7
22. Qa5 b6 23. Qc3 Bb7 24. Ne3 Rd8 25. a4 c5 26. dxc5 bxc5 27. Rd2 Rxd2 28. Qxd2
Nd7 29. Nxd7 Qxd7 30. Qe1 Qe7 31. Rd1 Kf7 32. Qd2 Bc6 33. Kf2 Rb8 34. Qc3 Qf6
35. Qa5 Qe7 36. Qc3 Be8 37. Rd2 Rb7 38. g3 Qf6 39. Qa5 hxg3+ 40. hxg3 Qh8 41.
Kg2 Qh5 42. Qc3 Bxa4 43. bxa4 Qf3+ 44. Kh2 Rb1 45. Rd7+ Ke8 46. Re7+ Kxe7 47.
Qg7+ Ke8 48. Qg8+ Kd7 49. Qf7+ Kd8 50. Qf8+ Kc7 51. Qe7+ Kb8 52. Qd6+ Kb7 53.
Qd7+ Ka6 54. Qc6+ Rb6 55. Qc8+ Ka5 56. Qxc5+ Kxa4 57. Qd4 Qh5+ 58. Kg2 Qe2+ 59.
Kh3 Kb3 60. Nd1 Qd3 61. Qb2+ Kxc4 62. Qa2+ Kb5 63. Nb2 Qc2 64. Qa1 e5 0-1

[Event "Baku Open 2023"]
[Site "Baku AZE"]
[Date "2023.05.12"]
[Round "9.2"]
[White "Kovalev, Vladislav"]
[Black "Sanikidze, Tornike"]
[Result "1-0"]
[WhiteTitle "GM"]
[BlackTitle "GM"]
[WhiteElo "2612"]
[BlackElo "2475"]
[WhiteFideId "13504398"]
[BlackFideId "13602608"]
[EventDate "2023.05.04"]

1. e4 e5 2. Nf3 Nc6 3. Bb5 a6 4. Ba4 Nf6 5. O-O b5 6. Bb3 Bc5 7. a4 Rb8 8. c3 d6
9. d4 Bb6 10. a5 Ba7 11. h3 Bb7 12. Be3 Nxe4 13. Re1 Ne7 14. Nbd2 Nxd2 15. Bxd2
O-O 16. dxe5 dxe5 17. Nxe5 Ng6 18. Be3 Bxe3 19. Rxe3 Nxe5 20. Rxe5 Re8 21. Qe2
Rxe5 22. Qxe5 Qd6 23. Qxd6 cxd6 24. Rd1 Rd8 25. f3 Kf8 26. Kf2 Ke7 27. Ke3 Rc8
28. Kd4 Rc5 29. Re1+ Kf8 30. g4 h5 31. f4 h4 32. Re3 Bg2 33. Ba2 g5 34. fxg5
Rxg5 35. b4 Re5 36. c4 Rxe3 37. Kxe3 Ke7 38. cxb5 axb5 39. Kd4 Bb7 40. Bd5 Bc8
41. Ke4 f6 42. Bc6 Kd8 43. Bxb5 Bb7+ 44. Kf5 Bg2 45. Kxf6 Bxh3 46. Kg5 1-0

[Event "Baku Open 2023"]
[Site "Baku AZE"]
[Date "2023.05.12"]
[Round "9.3"]
[White "Prraneeth, Vuppala"]
[Black "Mendonca, Leon Luke"]
[Result "0-1"]
[WhiteTitle "IM"]
[BlackTitle "GM"]
[WhiteElo "2437"]
[BlackElo "2596"]
[WhiteFideId "46622373"]
[BlackFideId "35028561"]
[EventDate "2023.05.04"]

1. e4 c5 2. Nf3 d6 3. d4 cxd4 4. Nxd4 Nf6 5. Nc3 a6 6. Be2 e5 7. Nb3 Be7 8. Be3
Be6 9. Nd5 Nbd7 10. Qd3 O-O 11. O-O Bxd5 12. exd5 h5 13. a4 Ng4 14. Bc1 Bg5 15.
h3 Bxc1 16. Rfxc1 Ngf6 17. a5 g6 18. Ra3 Qc7 19. Nd2 Rfb8 20. b4 b6 21. Rc3 Qd8
22. Nc4 bxa5 23. Nxa5 Rb5 24. Nc6 Qb6 25. Qf3 e4 26. Qg3 Nxd5 27. Bxb5 axb5 28.
Rd1 e3 29. Ne7+ Nxe7 30. Qxe3 Qxe3 31. fxe3 Nf6 32. Rc7 Ned5 33. Rb7 Nxe3 34.
Re1 Nxc2 35. Ree7 Rf8 36. Rxb5 Nxb4 37. g4 hxg4 38. hxg4 Nc6 39. Rc7 Ne5 40. g5
Ne4 0-1

[Event "Baku Open 2023"]
[Site "Baku AZE"]
[Date "2023.05.12"]
[Round "9.4"]
[White "Mamedov, Rauf"]
[Black "Aditya, Mittal"]
[Result "1/2-1/2"]
[WhiteTitle "GM"]
[BlackTitle "GM"]
[WhiteElo "2646"]
[BlackElo "2505"]
[WhiteFideId "13401653"]
[BlackFideId "35042025"]
[EventDate "2023.05.04"]

1. e4 e5 2. Nf3 Nc6 3. Nc3 Nf6 4. h3 Bb4 5. Bd3 O-O 6. O-O d6 7. a3 Bxc3 8. dxc3
h6 9. Re1 Nh7 10. Nh2 Ne7 11. Nf1 Be6 12. Ne3 Qd7 13. c4 Kh8 14. a4 f5 15. exf5
Nxf5 16. a5 Qf7 17. Nxf5 Bxf5 18. Be3 Ng5 19. Bxf5 Qxf5 20. Qd3 Qxd3 21. cxd3
Ne6 22. b4 b6 23. Ra2 Rad8 24. axb6 axb6 25. Ra7 Ra8 26. Rea1 Rxa7 27. Rxa7 Rb8
28. b5 Rd8 29. Kf1 d5 30. Ke2 Kh7 31. g3 Kg6 32. f3 Kf6 33. h4 1/2-1/2

[Event "Baku Open 2023"]
[Site "Baku AZE"]
[Date "2023.05.12"]
[Round "9.5"]
[White "Samadov, Read"]
[Black "Abasov, Nijat"]
[Result "1/2-1/2"]
[WhiteTitle "IM"]
[BlackTitle "GM"]
[WhiteElo "2469"]
[BlackElo "2634"]
[WhiteFideId "13417444"]
[BlackFideId "13402960"]
[EventDate "2023.05.04"]

1. d4 d5 2. c4 c6 3. Nf3 Nf6 4. Nc3 e6 5. Bg5 dxc4 6. e4 b5 7. e5 h6 8. Bh4 g5
9. Nxg5 hxg5 10. Bxg5 Nbd7 11. exf6 Bb7 12. g3 c5 13. d5 Nxf6 14. Bg2 Bh6 15.
Bxf6 Qxf6 16. O-O O-O-O 17. Nxb5 a6 18. Nc3 exd5 19. Na4 Qc6 20. b3 cxb3 21.
axb3 Kb8 22. Qc2 Rc8 23. Rad1 Rhd8 24. Nc3 Qg6 25. Qxg6 fxg6 26. Nxd5 Rd6 27.
Ne3 Rxd1 28. Rxd1 Bxe3 29. fxe3 Re8 30. Rd6 Bxg2 31. Kxg2 Rxe3 32. Rxa6 Rxb3 33.
h4 g5 34. hxg5 Kc7 35. Kh3 Kd7 36. Kh4 Ke7 37. g4 Kf7 38. g6+ Kg7 39. Kg5 c4 40.
Ra7+ Kg8 41. Rc7 Rb1 42. Rxc4 Rb2 43. Rc7 Rb1 44. Rc6 Kg7 45. Rc7+ Kg8 46. g7
Rb5+ 47. Kh4 Ra5 48. g5 Ra4+ 49. Kh5 Ra6 50. Rb7 Rc6 51. g6 Rc5+ 52. Kh6 Rh5+
53. Kxh5 1/2-1/2

[Event "Baku Open 2023"]
[Site "Baku AZE"]
[Date "2023.05.12"]
[Round "9.6"]
[White "Sethuraman, S.P."]
[Black "Gokerkan, Cem Kaan"]
[Result "1-0"]
[WhiteTitle "GM"]
[BlackTitle "IM"]
[WhiteElo "2639"]
[BlackElo "2489"]
[WhiteFideId "5021596"]
[BlackFideId "6336760"]
[EventDate "2023.05.04"]

1. e4 c5 2. Nf3 d6 3. d4 cxd4 4. Nxd4 Nf6 5. Nc3 a6 6. Be3 e5 7. Nb3 Be6 8. Qd2
Be7 9. h3 Nbd7 10. g4 b5 11. O-O-O Rc8 12. f4 exf4 13. Bxf4 Ne5 14. Kb1 O-O 15.
g5 Nh5 16. Bxe5 b4 17. Bxg7 bxc3 18. Bxc3 Ng3 19. Bxa6 Nxe4 20. Qd4 Nxc3+ 21.
bxc3 Ra8 22. Bb7 Ra3 23. Kb2 Ra5 24. h4 Qc7 25. Nxa5 Qxa5 26. Bd5 Rb8+ 27. Bb3
Bf8 28. Rhf1 d5 29. h5 Ba3+ 30. Kb1 Bf8 31. h6 Rc8 32. g6 Bxh6 33. gxf7+ Kf8 34.
Qh8+ Ke7 35. Qf6+ 1-0

[Event "Baku Open 2023"]
[Site "Baku AZE"]
[Date "2023.05.12"]
[Round "9.7"]
[White "Samant, Aditya S"]
[Black "Safarli, Eltaj"]
[Result "1/2-1/2"]
[WhiteTitle "IM"]
[BlackTitle "GM"]
[WhiteElo "2496"]
[BlackElo "2601"]
[WhiteFideId "35080580"]
[BlackFideId "13402129"]
[EventDate "2023.05.04"]

1. e4 e5 2. Nf3 Nc6 3. Bb5 Nf6 4. O-O Nxe4 5. Re1 Nd6 6. Nxe5 Be7 7. Bf1 Nxe5 8.
Rxe5 O-O 9. d4 Bf6 10. Re1 Nf5 11. c3 d5 12. Bd3 c6 13. Bf4 g6 14. Nd2 Ng7 15.
h3 Bf5 16. Nf3 Re8 17. Rxe8+ Qxe8 18. Bxf5 Nxf5 19. Qb3 Qd7 20. Re1 b6 21. Qa4
a5 22. Be5 Be7 23. Qb3 a4 24. Qxb6 Bd8 25. Qb4 Be7 26. Qb6 Bd8 27. Qb4 1/2-1/2

[Event "Baku Open 2023"]
[Site "Baku AZE"]
[Date "2023.05.12"]
[Round "9.8"]
[White "Kushko, Dmitriy"]
[Black "Iskandarov, Misratdin"]
[Result "1/2-1/2"]
[BlackTitle "GM"]
[WhiteElo "2379"]
[BlackElo "2592"]
[WhiteFideId "14162261"]
[BlackFideId "13400312"]
[EventDate "2023.05.04"]

1. d4 Nf6 2. Nf3 c5 3. e3 g6 4. Be2 Bg7 5. O-O b6 6. c4 O-O 7. Nc3 d6 8. b3 Bb7
9. Bb2 a6 10. Qc2 cxd4 11. Nxd4 e5 12. Nf3 e4 13. Nd4 Nbd7 14. Rfd1 Ne5 15. Rd2
Rc8 16. Qd1 Nfd7 17. Nc2 Qg5 18. Ne1 Nc5 19. Nd5 b5 20. Rc1 bxc4 21. Bxe5 Qxe5
22. Bxc4 a5 23. Nf4 Rc7 24. Nd5 Rcc8 25. Nf4 Bh6 26. g3 Rfd8 27. Bd5 Ba6 28. Bc4
Bxc4 29. Rxc4 Bg7 30. h4 Qe7 31. a3 Ra8 32. Qc2 Qb7 33. b4 axb4 34. axb4 Nd7 35.
Rxd6 Be5 36. Rd1 Nf6 37. Rxd8+ Rxd8 38. Ne2 Kg7 39. Nd4 Bxd4 40. Rxd4 Rxd4 41.
exd4 Qxb4 42. Qd1 Nd5 43. Nc2 Qc3 44. Kf1 Qb3 45. Qd2 Qb1+ 46. Kg2 Qa2 47. Qg5
f6 48. Qc1 h5 49. Ne3 Nxe3+ 50. Qxe3 Qd5 51. Kg1 g5 52. hxg5 fxg5 53. Qc3 Kg6
54. Qc8 Qxd4 55. Qe6+ 1/2-1/2

[Event "Baku Open 2023"]
[Site "Baku AZE"]
[Date "2023.05.12"]
[Round "9.9"]
[White "Korobov, Anton"]
[Black "Ansat, Aldiyar"]
[Result "1/2-1/2"]
[WhiteTitle "GM"]
[BlackTitle "IM"]
[WhiteElo "2664"]
[BlackElo "2317"]
[WhiteFideId "14105730"]
[BlackFideId "13715658"]
[EventDate "2023.05.04"]

1. d4 Nf6 2. c4 g6 3. Nc3 d5 4. cxd5 Nxd5 5. e4 Nxc3 6. bxc3 Bg7 7. Nf3 c5 8.
Rb1 O-O 9. Be2 cxd4 10. cxd4 Qa5+ 11. Bd2 Qxa2 12. O-O Bg4 13. Bg5 Nc6 14. d5
Rfd8 15. Rxb7 h6 16. Qd2 Qxd2 17. Bxd2 Bxf3 18. Bxf3 Nd4 19. Ba5 Rdb8 20. Rxe7
Rb5 21. Bd2 a5 22. d6 Bf8 23. Rd7 a4 24. Bc3 Nxf3+ 25. gxf3 a3 26. e5 a2 27. Rc7
Rb1 28. Ba1 Rxf1+ 29. Kxf1 Rb8 30. Kg2 Rb1 31. d7 Be7 32. Bc3 Rb3 33. Ba1 Rb1
34. Bc3 Rb3 35. Ba1 Rb1 36. Bc3 1/2-1/2

[Event "Baku Open 2023"]
[Site "Baku AZE"]
[Date "2023.05.12"]
[Round "9.10"]
[White "Chanda, Sandipan"]
[Black "Sanal, Vahap"]
[Result "1/2-1/2"]
[WhiteTitle "GM"]
[BlackTitle "GM"]
[WhiteElo "2460"]
[BlackElo "2582"]
[WhiteFideId "5004225"]
[BlackFideId "6300545"]
[EventDate "2023.05.04"]

1. d4 d5 2. Nf3 Nf6 3. Bf4 e6 4. e3 Bd6 5. Ne5 Nfd7 6. Nd2 Nxe5 7. dxe5 Be7 8.
h4 b6 9. Qg4 g6 10. O-O-O h5 11. Qg3 Ba6 12. Nf3 Bxf1 13. Rhxf1 Na6 14. e4 c6
15. Bg5 Nc5 16. Rfe1 Qc7 17. Bxe7 Qxe7 18. exd5 cxd5 19. Ng5 O-O-O 20. Rd4 Rd7
21. Qf3 Kb8 22. Red1 Rc7 23. Rf4 Rf8 24. Rdd4 Nb7 25. Rd2 Na5 26. Rf6 Nc4 27.
Re2 Qb4 28. Qc3 Qc5 29. Rf4 Rfc8 30. a3 Qb5 31. Qb4 Nxa3 32. Qxb5 Nxb5 33. Kd1
Rc4 34. Rxf7 Nd4 35. b3 R4c6 36. Rd2 Nxc2 37. Nxe6 Rxe6 38. Rxc2 Rxc2 39. Kxc2
Rxe5 40. Kd3 Rf5 41. Rg7 Rxf2 42. Rxg6 Rf4 43. Rg5 Rxh4 44. Rxd5 Kc7 45. g3 Rh3
46. Kc2 a5 47. Rg5 Kd6 48. g4 h4 49. Rh5 Ke6 50. Kb2 Kf6 51. Ka2 Kg6 52. Kb2 b5
53. Rxb5 Rg3 54. Rxa5 Rxg4 55. Ra8 Kg5 56. Rh8 Kf4 57. Kc3 Kg3 58. b4 h3 59. b5
h2 60. b6 Rg6 61. b7 Rb6 62. Rg8+ Kf3 63. Rh8 Rxb7 64. Rxh2 1/2-1/2

[Event "Baku Open 2023"]
[Site "Baku AZE"]
[Date "2023.05.12"]
[Round "9.11"]
[White "Pantsulaia, Levan"]
[Black "Jubin, Jimmy"]
[Result "0-1"]
[WhiteTitle "GM"]
[BlackTitle "IM"]
[WhiteElo "2597"]
[BlackElo "2455"]
[WhiteFideId "13602071"]
[BlackFideId "46686614"]
[EventDate "2023.05.04"]

1. Nf3 Nf6 2. g3 e6 3. Bg2 d5 4. O-O Be7 5. c4 O-O 6. b3 c5 7. e3 Nc6 8. Bb2 b6
9. Nc3 Ba6 10. Qe2 Rc8 11. Nb5 Qd7 12. Rfd1 Rfd8 13. d4 cxd4 14. exd4 Qe8 15.
Rac1 Bxb5 16. cxb5 Na5 17. Ne5 Rxc1 18. Bxc1 Nd7 19. Nf3 Rc8 20. Qd3 Qd8 21. Bd2
Qc7 22. Bf1 Qd8 23. Qb1 h6 24. Bf4 Nb7 25. Bd3 Bd6 26. Be3 Be7 27. Kg2 Nd6 28.
Ne5 Nxe5 29. dxe5 Nb7 30. b4 Qc7 31. Bd4 Nd8 32. Qb2 Qd7 33. a3 Rc7 34. h4 Qc8
35. h5 Nb7 36. Qd2 Qf8 37. Qe3 Qe8 38. Bb1 Qxb5 39. a4 Qxa4 40. Qd3 Kf8 41. Qh7
Ke8 42. Rh1 Bf8 43. Rh4 Nd8 44. Bd3 Nc6 45. Be3 Nxe5 46. Be2 Nc4 47. Bf4 e5 48.
Bc1 Qc6 49. Rg4 Nd6 50. Bxh6 gxh6 51. Qh8 Nc4 52. Rg8 Qd6 53. b5 e4 54. Qh7 Ne5
55. Qh8 Nc4 56. Qh7 Qf6 57. Rg4 Nd6 58. Rg6 fxg6 59. Qxc7 g5 60. Qxa7 Nf5 61.
Bg4 Ne7 62. Bd7+ Kf7 63. Bc6 Qf3+ 64. Kg1 e3 65. fxe3 Qxg3+ 66. Kh1 Qh3+ 0-1

[Event "Baku Open 2023"]
[Site "Baku AZE"]
[Date "2023.05.12"]
[Round "9.12"]
[White "Suleymanli, Aydin"]
[Black "Nigmatov, Ortik"]
[Result "1-0"]
[WhiteTitle "GM"]
[BlackTitle "IM"]
[WhiteElo "2560"]
[BlackElo "2473"]
[WhiteFideId "13413937"]
[BlackFideId "14202131"]
[EventDate "2023.05.04"]

1. Nf3 Nf6 2. c4 e6 3. g3 d5 4. Bg2 Be7 5. O-O O-O 6. b3 c5 7. cxd5 Nxd5 8. Bb2
Nc6 9. d4 cxd4 10. Nxd4 Nxd4 11. Qxd4 Bf6 12. Qd2 Rb8 13. Rd1 Bxb2 14. Qxb2 Qf6
15. Qxf6 Nxf6 16. Na3 b5 17. Rd6 Bb7 18. Rc1 Bxg2 19. Kxg2 b4 20. Nc4 Rfc8 21.
Rcd1 g6 22. Kf3 Kf8 23. R1d4 Rc7 24. Ra6 Nd7 25. Ra5 Ke7 26. Nb2 Nc5 27. Rc4 Kd6
28. e4 e5 29. Nd3 Rbc8 30. Nxb4 Nd7 31. Ra6+ Nb6 32. Rxc7 Rxc7 33. Nd5 Rb7 34.
Ke3 h5 35. Nc3 Kc5 36. a3 Nd7 37. Na4+ Kb5 38. Rd6 Rc7 39. Kd3 Rb7 40. Nc3+ Kc5
41. Rd5+ Kc6 42. b4 a6 43. Ra5 Kb6 44. Nd5+ Ka7 45. a4 1-0

[Event "Baku Open 2023"]
[Site "Baku AZE"]
[Date "2023.05.12"]
[Round "9.13"]
[White "Petrov, Nikita"]
[Black "Kilic, Eray"]
[Result "1-0"]
[WhiteTitle "GM"]
[BlackTitle "FM"]
[WhiteElo "2547"]
[BlackElo "2418"]
[WhiteFideId "4101286"]
[BlackFideId "44517173"]
[EventDate "2023.05.04"]

1. e4 e5 2. Nf3 Nc6 3. Bc4 Bc5 4. c3 Nf6 5. d3 d6 6. O-O a6 7. a4 Ba7 8. Re1 h6
9. b4 O-O 10. Nbd2 Be6 11. Bxe6 fxe6 12. Nf1 Qe8 13. Be3 Bxe3 14. Rxe3 Ne7 15.
Ng3 Ng6 16. d4 Qc6 17. Qb3 Rae8 18. h3 Kh8 19. Rd1 Nd7 20. a5 b6 21. Ra1 b5 22.
Rd1 Rf4 23. Qb1 Qb7 24. Qd3 Ref8 25. Nf1 R4f6 26. N1h2 Nf4 27. Qf1 exd4 28. cxd4
e5 29. d5 c5 30. dxc6 Qxc6 31. g3 Ne6 32. Qd3 Nd8 33. Ng4 Re6 34. Nh4 h5 35. Nh2
Nf7 36. Re2 Ng5 37. N2f3 Nxf3+ 38. Nxf3 Rc8 39. Ng5 Rf6 40. Red2 Rcf8 41. h4 g6
42. Rc2 Qb7 43. Qc3 Qa7 44. Rdd2 Kg8 45. Qc7 Qxc7 46. Rxc7 Rd8 47. Rb7 Nb8 48.
Rc2 1-0

[Event "Baku Open 2023"]
[Site "Baku AZE"]
[Date "2023.05.12"]
[Round "9.14"]
[White "Madaminov, Mukhiddin"]
[Black "Guliyev, Namig"]
[Result "1-0"]
[WhiteTitle "IM"]
[BlackTitle "GM"]
[WhiteElo "2436"]
[BlackElo "2538"]
[WhiteFideId "14210703"]
[BlackFideId "13400363"]
[EventDate "2023.05.04"]

1. d4 d5 2. Nc3 Bf5 3. f3 Nf6 4. g4 Bg6 5. h4 h6 6. Bf4 a6 7. e3 e6 8. Bd3 Bxd3
9. Qxd3 c5 10. Nge2 Nc6 11. O-O-O Qa5 12. dxc5 O-O-O 13. Nd4 Nb4 14. Qd2 Nxa2+
15. Nxa2 Qxa2 16. Nb3 Qa4 17. Qc3 Nd7 18. e4 Qc4 19. Qxc4 dxc4 20. Na5 Bxc5 21.
Nxc4 h5 22. g5 f6 23. gxf6 gxf6 24. Nd6+ Bxd6 25. Rxd6 Nf8 26. Rxd8+ Kxd8 27.
Rd1+ Kc8 28. Rg1 e5 29. Be3 Kd7 30. Rg7+ Kc6 31. f4 exf4 32. Bxf4 Rh7 33. Rxh7
Nxh7 34. Bh6 Kc5 35. c3 Kd6 36. Kd2 f5 37. Bg7 fxe4 38. Ke3 Kd5 39. c4+ Ke6 40.
Kxe4 Kf7 41. Bc3 Ke6 42. Kf4 b5 43. c5 Nf8 44. Kg5 Kd5 45. Kxh5 Kxc5 46. Kg4 b4
47. Bg7 Ne6 48. h5 Nxg7 49. h6 Ne8 50. Kg5 Nd6 51. h7 Kc4 52. Kg6 Kb3 53. h8=Q
Nc4 54. Qg8 a5 55. Kf5 a4 56. Ke4 a3 57. Kd3 Kxb2 58. Qg2+ Kb1 59. Qc2+ Ka1 60.
Kxc4 1-0

[Event "Baku Open 2023"]
[Site "Baku AZE"]
[Date "2023.05.12"]
[Round "9.15"]
[White "Salimova, Nurgyul"]
[Black "Gadimbayli, Abdulla"]
[Result "1-0"]
[WhiteTitle "IM"]
[BlackTitle "GM"]
[WhiteElo "2391"]
[BlackElo "2500"]
[WhiteFideId "2915138"]
[BlackFideId "13404938"]
[EventDate "2023.05.04"]

1. d4 Nf6 2. Nf3 d5 3. c3 e6 4. Bg5 Nbd7 5. Nbd2 h6 6. Bh4 Be7 7. e3 O-O 8. Bd3
b6 9. O-O Bb7 10. a4 c5 11. Qb1 Ne8 12. Bg3 Bd6 13. Ne5 cxd4 14. exd4 Bxe5 15.
dxe5 Nc5 16. Nf3 Ba6 17. Bxa6 Nxa6 18. b4 Qc7 19. Qd3 Qc4 20. Qe3 Rc8 21. Rac1
Nec7 22. Nd4 Nb8 23. f4 Nc6 24. f5 exf5 25. Nxf5 Rcd8 26. Rf4 d4 27. cxd4 Qe6
28. Rxc6 1-0

[Event "Baku Open 2023"]
[Site "Baku AZE"]
[Date "2023.05.12"]
[Round "9.16"]
[White "Ahmadzada, Ahmad"]
[Black "Lortkipanidze, Nodar"]
[Result "1-0"]
[WhiteTitle "IM"]
[BlackTitle "IM"]
[WhiteElo "2488"]
[BlackElo "2406"]
[WhiteFideId "13413007"]
[BlackFideId "13604058"]
[EventDate "2023.05.04"]

1. e4 c5 2. Nf3 g6 3. c3 d5 4. exd5 Qxd5 5. d4 Bg7 6. Nbd2 cxd4 7. Bc4 Qh5 8.
O-O Nh6 9. Nxd4 Qxd1 10. Rxd1 O-O 11. N2f3 Nf5 12. Bg5 Nd6 13. Bb3 Re8 14. Bf4
Ne4 15. Nb5 Na6 16. Be3 Bf5 17. Bd5 Rad8 18. Bxb7 Nac5 19. Bxe4 Nxe4 20. Bxa7 g5
21. a4 g4 22. Nfd4 Bd7 23. Re1 Nd2 24. Nc7 Rf8 25. Rxe7 Nc4 26. Bc5 Nxb2 27. Re3
Nxa4 28. Bxf8 Kxf8 29. Ndb5 Nb2 30. Re2 Nd3 31. Rd1 Bf5 32. Re8+ Rxe8 33. Nxe8
Be5 34. Ned6 Bg6 35. Ra1 Nf4 36. Ra8+ Ke7 37. Re8+ Kf6 38. Nc4 Ne2+ 39. Kh1 Bf4
40. Rxe2 Bd3 41. Re1 Bxc4 42. Re4 Bxb5 43. Rxf4+ 1-0

[Event "Baku Open 2023"]
[Site "Baku AZE"]
[Date "2023.05.12"]
[Round "9.17"]
[White "Raja, Rithvik R"]
[Black "Suyarov, Mukhammadzokhid"]
[Result "1-0"]
[WhiteTitle "GM"]
[BlackTitle "FM"]
[WhiteElo "2472"]
[BlackElo "2281"]
[WhiteFideId "35007394"]
[BlackFideId "14210495"]
[EventDate "2023.05.04"]

1. d4 e6 2. c4 b6 3. g3 Bb7 4. Nf3 Nf6 5. Bg2 Bb4+ 6. Bd2 Be7 7. Nc3 c6 8. Bf4
O-O 9. e4 d5 10. e5 Ne4 11. Qc2 Nxc3 12. bxc3 Na6 13. h4 h6 14. cxd5 cxd5 15.
O-O Qc7 16. a3 Rfc8 17. Bd2 Qd8 18. Nh2 Nc7 19. f4 Ba6 20. f5 Bf8 21. Rf2 exf5
22. Qxf5 Qe8 23. Ng4 Qe6 24. Qf3 Rd8 25. Bh3 Qe7 26. Bxh6 Ne6 27. Nf6+ Kh8 28.
Qh5 1-0

[Event "Baku Open 2023"]
[Site "Baku AZE"]
[Date "2023.05.12"]
[Round "9.18"]
[White "Nogerbek, Kazybek"]
[Black "Balajayeva, Khanim"]
[Result "1-0"]
[WhiteTitle "IM"]
[BlackTitle "WGM"]
[WhiteElo "2474"]
[BlackElo "2327"]
[WhiteFideId "13710427"]
[BlackFideId "13406396"]
[EventDate "2023.05.04"]

1. Nf3 d5 2. c4 e6 3. g3 Nf6 4. Bg2 Be7 5. O-O O-O 6. b3 c5 7. cxd5 Nxd5 8. Bb2
Nc6 9. d4 cxd4 10. Nxd4 Bd7 11. Na3 Bf6 12. Nc4 Qe7 13. e4 Bxd4 14. Bxd4 Nxd4
15. Qxd4 Nb4 16. Qd6 Qxd6 17. Nxd6 Bc6 18. e5 Bxg2 19. Kxg2 b6 20. a3 Nd5 21.
Rac1 Rfd8 22. Rc6 Kf8 23. Rfc1 Rd7 24. f4 Rad8 25. Kf3 h5 26. b4 g6 27. h3 Kg7
28. Rc8 h4 29. g4 f6 30. Ne8+ Kf7 31. Rxd8 Rxd8 32. Nxf6 Nxf6 33. exf6 Kxf6 34.
Ke4 Rd7 35. Rc8 Kf7 36. b5 Kf6 37. g5+ Kf7 38. a4 Kg7 39. Ra8 Kf7 40. Kf3 e5 41.
fxe5 Rd4 42. Rxa7+ Ke6 43. Rg7 Rxa4 44. Rxg6+ Kf5 45. Rf6+ Kxg5 46. Rf8 Ra3+ 47.
Kf2 Kg6 48. e6 Ra7 49. Rf4 Ra2+ 50. Kf3 Ra3+ 51. Ke4 Ra1 52. Ke5 Re1+ 53. Re4
Rd1 54. Rg4+ 1-0

[Event "Baku Open 2023"]
[Site "Baku AZE"]
[Date "2023.05.12"]
[Round "9.19"]
[White "Predke, Alexandr"]
[Black "Erdogmus, Yagiz Kaan"]
[Result "0-1"]
[WhiteTitle "GM"]
[BlackTitle "IM"]
[WhiteElo "2685"]
[BlackElo "2454"]
[WhiteFideId "24107581"]
[BlackFideId "44599790"]
[EventDate "2023.05.04"]

1. Nf3 d5 2. g3 Nf6 3. Bg2 e6 4. O-O Be7 5. c4 O-O 6. d4 c6 7. Nc3 a5 8. Ne5
Nfd7 9. Be3 Nxe5 10. dxe5 dxc4 11. Qc2 Nd7 12. Qe4 a4 13. a3 Qa5 14. f4 Bc5 15.
Bxc5 Qxc5+ 16. Kh1 f6 17. Qc2 fxe5 18. Ne4 Qe7 19. Ng5 g6 20. Qxc4 exf4 21. gxf4
Nb6 22. Qd4 Nd5 23. Qd2 Nf6 24. Qc3 Nd5 25. Qg3 Ra5 26. e4 Nf6 27. e5 Nh5 28.
Qg4 Rb5 29. Be4 Kh8 30. Rf2 Rxe5 31. fxe5 Rxf2 32. Nxh7 Qxh7 33. Bxg6 Nf6 34.
Qg1 Qh4 35. exf6 Qxf6 36. Be4 e5 37. Qg3 Qf4 38. Qxf4 exf4 39. Kg1 Re2 40. Rd1
Bg4 41. Rd4 f3 42. h3 f2+ 43. Kf1 Bxh3+ 44. Bg2 Bxg2+ 45. Kxg2 b5 46. Rd6 Rxb2
47. Rxc6 b4 48. axb4 a3 0-1

[Event "Baku Open 2023"]
[Site "Baku AZE"]
[Date "2023.05.12"]
[Round "9.20"]
[White "Padmini, Rout"]
[Black "Asadli, Vugar"]
[Result "0-1"]
[WhiteTitle "IM"]
[BlackTitle "GM"]
[WhiteElo "2388"]
[BlackElo "2584"]
[WhiteFideId "5029295"]
[BlackFideId "13405764"]
[EventDate "2023.05.04"]

1. d4 Nf6 2. Nf3 g6 3. Nc3 d5 4. Bf4 Bg7 5. Nb5 Na6 6. h3 O-O 7. e3 Ne4 8. Nd2
Nxd2 9. Qxd2 c6 10. Nc3 Nb8 11. O-O-O b5 12. Kb1 Nd7 13. h4 e5 14. Bg3 h5 15. f3
Re8 16. Ne2 a5 17. Nc1 a4 18. a3 exd4 19. exd4 Nb6 20. Na2 Bf5 21. Nb4 Qd7 22.
Qc3 Nc4 23. Bxc4 dxc4 24. Be5 c5 25. Na2 Bxe5 26. dxe5 Qe7 27. f4 Rab8 28. Rd6
Qb7 29. Qf3 Be4 30. Qg3 b4 31. Kc1 Bxc2 32. e6 Bf5 33. Rd7 Qe4 34. exf7+ Kf8 35.
fxe8=Q+ Rxe8 0-1